000 00553nam a2200217Ia 4500
003 OSt
005 20220928151952.0
006 a|||||r|||| 00| 0
007 ta
008 220927b |||||||| |||| 00| 0 eng d
024 _a135391
037 _cTextual
040 _aSDCL
_cSDCL
_beng
041 _2eng
_aeng
082 _aO-,1H40:g, J7
100 _aShannon Edgar Finley
_9518674
245 0 _aChaucer and the Roman poets
260 _c1957
942 _hO-,1H40:g, J7
_cTEXL
_2CC
999 _c853638
_d853638